[Event "African Online-ch Open 2021"]
[Site "Online"]
[Date "2021.02.01"]
[Round "3.22"]
[White "Ndegwa, Jackson Kamau"]
[Black "Khalema, Sechaba"]
[Result "0-1"]
[WhiteElo "2001"]
[BlackElo "1827"]
[Annotator "TA"]
[PlyCount "94"]
[EventDate "2021.02.01"]
[EventType "swiss"]
[EventCountry "NET"]
[SourceTitle "playchess.com"]
[Source "ChessBase"]
[SourceQuality "1"]

{[%evp 20,94,0,-36,-14,-31,14,-17,-39,-129,-104,-98,-99,-170,-172,-260,-252,-260,-261,-245,-235,-295,-295,-292,-289,-379,-320,-313,-333,-354,-285,-272,-219,-308,-240,-345,-262,-334,-341,-349,-345,-324,-325,-427,-450,-497,-500,-597,-463,-555,-429,-421,-418,-664,-655,-894,-845,-836,-856,-802,-801,-856,-854,-848,-826,-1113,-1140,-1354,-1241,-1355,-1365,-1275,-1211,-29974,-1505,-29977,-29978]} 1. e4 e5 2. Nf3 Nc6 3. Bc4 Bc5 4. c3 Nf6 5. d4 exd4 6. cxd4 Bb4+ 7. Bd2 Bxd2+ 8. Nbxd2 d5 9. exd5 Nxd5 10. O-O O-O 11. h3 Bf5 {C54: Giuoco Piano: 4 c3 Nf6, main lines with 5 d4 and 5 d3.} 12. Rc1 Bg6 13. Qb3 {[#]} Na5 $1 {[#] The position is equal.} 14. Qb5 $146 (14. Qa3 $15 Nxc4 15. Nxc4) ({Predecessor:} 14. Qa3 Nxc4 15. Nxc4 Nf4 16. Rcd1 Qd5 17. Nce5 a6 18. Rfe1 Rfe8 19. Kh2 {0-1 (48) Acor,C (2223)-Aloma Vidal,R (2437) Chess.com INT 2020}) 14... c6 $17 15. Qc5 Nxc4 16. Nxc4 {[#]} (16. Qxc4 $17 {is a better defense.} Nf4 17. d5) 16... Nf4 $1 $19 17. Rfe1 (17. Ra1 $142) 17... Nd3 $1 {[%csl LRc1,LRc5,LRe1][%mdl 64] Double Attack} 18. Qa3 Nxc1 19. Rxc1 Re8 20. Nce5 Be4 21. Qb3 Re7 22. Ng5 Bd5 (22... Rxe5 23. Nxf7 Rb5 24. Nh6+ Kh8 25. Nf7+ Kg8 26. Nh6+ Kh8 27. Nf7+ Kg8 $11) 23. Qd3 g6 {White must now prevent ...Rxe5!} ({Weaker is} 23... Rxe5 24. Qxh7+ Kf8 25. Qh8+ Ke7 26. Qxd8+ Kxd8 27. dxe5 $11) 24. Ng4 Re8 (24... Bxa2 25. d5 $15) 25. Nf3 f6 ({Less strong is} 25... Bxa2 26. b3 $17) 26. b3 (26. Nd2 {was called for.}) 26... Qd6 27. Nh4 (27. Ne1 $142) 27... Kg7 28. Ne3 Qf4 29. g3 Qe4 30. Qxe4 Bxe4 ({Don't take} 30... Rxe4 31. Nxd5 cxd5 32. Rc7+ Kg8 33. Ng2 $19) 31. Nc4 {White hopes to continue with Nd6.} Rad8 32. Ne3 Rxd4 33. f3 Bd3 34. Kf2 Rdd8 35. Nhg2 g5 36. f4 (36. h4 $142) 36... Be4 37. Rd1 Bxg2 38. Rxd8 Rxd8 39. Kxg2 {[%mdl 4096] Endgame KR-KN} Rd2+ 40. Kf3 Rxa2 41. Nf5+ Kg6 42. Nd6 Rb2 43. f5+ Kg7 44. Ne8+ Kf7 45. Nd6+ Ke7 46. Nc8+ Kd8 (46... Kd7 $142 47. Nxa7 Rxb3+ 48. Kf2 Ra3 49. g4 Rxa7 50. Ke3 Ra3+ 51. Ke2 Rxh3 52. Kf2 b5 53. Kg2 Rc3 54. Kf2 b4 55. Ke2 b3 56. Kd2 Rc2+ 57. Kd3 Ke7 58. Kd4 b2 59. Ke4 b1=Q 60. Kd4 Qb3 61. Ke4 Rc4#) 47. Nxa7 Rxb3+ {White got outplayed after the opening.  Weighted Error Value: White=0.64/Black=0.23} 0-1

[Event "African Online-ch Open 2021"]
[Site "Online"]
[Date "2021.02.01"]
[Round "4.1"]
[White "Rakotomaharo, Fy Antenaina"]
[Black "Seddaoui, Yamine"]
[Result "1-0"]
[WhiteElo "2422"]
[BlackElo "2127"]
[Annotator "TA"]
[PlyCount "101"]
[EventDate "2021.02.01"]
[EventType "swiss"]
[EventCountry "NET"]
[SourceTitle "playchess.com"]
[Source "ChessBase"]
[SourceQuality "1"]

{[%evp 12,101,45,48,35,35,54,26,46,36,73,65,95,24,206,197,206,188,214,199,321,141,133,0,0,-20,27,50,39,0,0,0,22,0,59,67,67,65,71,68,110,65,63,36,86,88,85,72,122,106,111,65,61,0,0,0,0,0,130,122,144,149,149,142,121,138,318,299,329,348,425,338,343,304,570,541,555,491,378,147,147,147,126,133,140,147,404,397,1066,1090,29989,29990]} 1. e4 d6 2. d4 Nf6 3. Nc3 Nbd7 4. Nf3 e5 5. Bc4 Be7 6. O-O c6 7. a4 a5 {C41: Philidor Defence.} 8. Re1 Qc7 9. b3 h6 {White has an edge.} 10. Ba3 Nf8 11. Nh4 g6 {[#]} 12. f4 $146 (12. Qd2 $16) ({Predecessor:} 12. Qd2 Ng4 13. Nf3 g5 14. Ne2 Be6 15. d5 Bd7 16. dxc6 bxc6 17. Rad1 Qb6 18. Ng3 {0-1 (41) Torres,J (2178)-Longa Yauca,J (2120) Peru 2000}) 12... Nh5 $2 {[#]} (12... Ng4 $11 {and Black has nothing to worry.} 13. Nf3 exf4) 13. Nf5 $1 $18 {[%mdl 512] Strongly threatening fxe5.} Bxf5 (13... Nxf4 14. Nxe7) 14. exf5 {[%cal Rf4e5]} Nxf4 15. g3 Nh5 (15... Nh3+ $142 16. Kg2 Ng5) 16. fxg6 (16. dxe5 $18 dxe5 17. Bxe7 Qxe7 18. Ne4) 16... fxg6 $16 17. Qf3 (17. dxe5 $16 O-O-O 18. Bxd6 Bxd6 19. exd6 Qxd6 20. Qxd6 Rxd6 21. Ne4) 17... O-O-O $11 18. dxe5 dxe5 19. Bxe7 Qxe7 20. Qe3 Nd7 21. Qa7 Qb4 (21... Nhf6 {seems wilder.} 22. Ne4 Nxe4 23. Rxe4 h5 24. Qa8+ Kc7) 22. Ne4 {aiming for Be6.} (22. Na2 {is interesting.} Qb6+ 23. Qxb6 Nxb6 24. Bd3 Nd7 25. Bxg6 Ng7 26. b4) 22... Qb6+ ({Black should try} 22... Ng7 $11) 23. Qxb6 $14 Nxb6 24. Bf7 Ng7 25. Bxg6 Nd5 26. Nf2 Rd6 27. Be4 Nc3 28. Re3 Nxe4 29. Nxe4 Rd4 30. Rf1 $36 {[%mdl 2048] White has strong initiative.} Rhd8 31. Re2 Ne6 32. Rf6 (32. Ree1 $14) 32... Rd1+ $11 33. Kg2 Nd4 34. Ref2 Rc1 (34... Re1 $11 35. Nd6+ Kc7) 35. Rxh6 $16 Rxc2 36. Rxc2 Nxc2 {[%mdl 4096] Endgame KRN-KRN} 37. Re6 Rf8 {( -> ...Ne3+)} 38. h4 (38. Rxe5 $2 {leads to mate.} Ne3+ 39. Kh3 Rh8+ 40. Rh5 Rxh5#) 38... Nd4 $2 (38... Ne3+ $16 39. Kh2 Kd8) 39. Rxe5 $18 Nxb3 40. h5 Nd4 41. Rxa5 {Threatens to win with Ra8+.} Kc7 42. h6 Ne6 $2 (42... Nf5 43. h7 Ne3+ 44. Kg1 Nd5) 43. Re5 Kd7 44. g4 Rh8 45. g5 (45. h7 $1 $18 {and the rest is easy.}) 45... Nxg5 $16 46. Rxg5 Rxh6 {KRN-KR} 47. Rg7+ Kc8 {[#]} 48. a5 $1 {Nc5 is the strong threat.} Re6 $2 {[%mdl 8192] [#]} (48... Kb8 $16 49. Nc5 Rh5) 49. Kf3 $1 $18 Kb8 $2 (49... Rh6 50. Nc5 Rh3+ 51. Kg2 Ra3 52. Nxb7 Kb8) 50. Nc5 {[%mdl 64] Double Attack} Re5 51. Nd7+ {[%mdl 64] Double Attack.  Weighted Error Value: White=0.29/Black=0.64} 1-0

[Event "African Online-ch Open 2021"]
[Site "Online"]
[Date "2021.02.01"]
[Round "4.2"]
[White "Amin, Bassem"]
[Black "Adly, Ahmed"]
[Result "1/2-1/2"]
[WhiteElo "2693"]
[BlackElo "2615"]
[Annotator "TA"]
[PlyCount "32"]
[EventDate "2021.02.01"]
[EventType "swiss"]
[EventCountry "NET"]
[SourceTitle "playchess.com"]
[Source "ChessBase"]
[SourceQuality "1"]

{[%evp 31,32,0,0]} 1. d4 d5 2. c4 c6 3. cxd5 cxd5 4. Nc3 Nc6 5. Nf3 Nf6 6. Bf4 Bf5 7. e3 e6 8. Bd3 Bxd3 9. Qxd3 Bd6 10. Bxd6 Qxd6 11. O-O O-O 12. Rfc1 Rfc8 {[#]} 13. Ne2 $146 ({Predecessor:} 13. h3 Nd7 14. Nd2 h6 15. a3 Ne7 16. Rc2 Rc6 17. Rac1 Rac8 18. Ne2 Rxc2 19. Rxc2 Rxc2 20. Qxc2 Qc6 21. Qxc6 Nxc6 22. Nc3 Kf8 23. Kf1 {½-½ (30) Wen,Y (2594)-Zhao,J (2638) Xinghua 2020}) 13... Ne7 14. Nc3 Nc6 15. Ne2 Ne7 16. Nc3 Nc6 1/2-1/2

[Event "African Online-ch Open 2021"]
[Site "Online"]
[Date "2021.02.01"]
[Round "4.3"]
[White "Ortega Amarelle, Mariano"]
[Black "Bellahcene, Bilel"]
[Result "0-1"]
[WhiteElo "2463"]
[BlackElo "2510"]
[Annotator "TA"]
[PlyCount "136"]
[EventDate "2021.02.01"]
[EventType "swiss"]
[EventCountry "NET"]
[SourceTitle "playchess.com"]
[Source "ChessBase"]
[SourceQuality "1"]

{[%evp 10,136,63,58,54,44,45,46,56,17,32,25,21,12,39,25,36,33,25,12,41,46,52,58,47,49,45,33,45,33,33,33,67,56,38,58,91,92,77,93,77,77,82,82,79,78,109,52,66,65,65,49,64,59,75,77,77,77,151,146,231,226,214,211,212,179,177,170,164,134,134,15,135,0,175,175,187,187,210,200,291,279,433,285,251,239,275,0,0,0,0,0,0,0,0,0,8,8,8,8,8,8,8,8,0,0,0,0,0,0,0,0,0,0,0,0,0,0,0,0,0,0,0,0,0,0,0,0,0]} 1. d4 e6 2. Nf3 b6 3. e4 Bb7 4. Bd3 d6 5. O-O Nd7 6. Re1 g6 {B00: Queen's Fianchetto Defence, Nimzowitsch Defence.} 7. c3 Bg7 8. Nbd2 {[%cal Bb1d2,Bd2f1,Bf1g3][%mdl 32]} Ngf6 {White is slightly better.} 9. Nf1 O-O 10. Ng3 e5 11. h3 {[#]} Qe7 $146 ({Predecessor:} 11... Re8 12. d5 c6 13. c4 c5 14. Be3 Nf8 15. Qd2 Bc8 16. a3 Bd7 17. b4 Qc7 {0-1 (35) Comas Fabrego,L (2470)-Garcia Ilundain,D (2550) Barcelona 1996}) 12. a4 a5 13. Bd2 Rfe8 14. Qc2 Rac8 15. Rad1 h6 16. Bb5 Red8 17. Bc1 Nf8 18. b3 c6 19. Bf1 Qc7 20. Be3 Re8 21. Nd2 exd4 22. cxd4 d5 23. e5 N6d7 {[#]} 24. f4 $1 c5 {[#]} 25. Nf3 cxd4 26. Qxc7 Rxc7 27. Nxd4 Rc3 28. Nb5 (28. Bf2 $16) 28... Rxb3 $14 29. Nd6 $1 $36 {[%cal Rd6e8][%mdl 2112] Double Attack. White is pushing.} Rb8 30. Nxb7 Rxb7 31. Rxd5 Rc7 32. Bb5 Nc5 33. f5 Re7 (33... gxf5 $142 34. Nxf5 Kh7) 34. Bf2 $16 Rxg3 (34... gxf5 $16 {was worth a try.} 35. Nxf5 Rc7) 35. Bxg3 $18 gxf5 36. Bh4 Rb7 37. Bf6 Nfe6 38. Bxg7 Kxg7 39. g3 Rc7 40. Rc1 ({Better is} 40. Rd6 $16) 40... Re7 (40... Nxa4 $1 $11 41. Rxc7 Nxc7) 41. Re1 (41. Kg2 $16) 41... f4 $2 (41... Rc7 $1 $11 {and Black has nothing to worry.}) 42. Kg2 Rc7 43. Rd6 Nb3 44. Rc6 ({Worse is} 44. Rxb6 Rc2+ 45. Kh1 fxg3 $11) 44... f3+ (44... Rb7 {might work better.} 45. Ba6 Rb8) 45. Kf2 Rd7 (45... Rb7 $142 46. Re4 Nbc5) 46. Rd6 Rc7 47. Kxf3 Rc3+ 48. Rd3 $2 (48. Re3 $18 Ng5+ 49. Ke2 Rc2+ 50. Kd3) 48... Nbd4+ $11 {The position is equal.} 49. Ke3 $1 ({Avoid the trap} 49. Ke4 $2 Nxb5 50. Ke3 Rxd3+ 51. Kxd3 Nc5+ 52. Kd2 Nc7 $19) 49... Nc2+ {[%mdl 64] Double Attack} 50. Kd2 Rxd3+ 51. Bxd3 Nxe1 52. Kxe1 {[%mdl 4096] Endgame KB-KN} Ng5 53. Ke2 Nxh3 54. Ke3 Kf8 55. Kd4 Ke7 56. Kd5 Nf2 57. Bf5 Nh1 (57... f6 {is more complex.} 58. exf6+ Kxf6 59. Bc2 h5 60. Kc6 Nh1) 58. g4 Ng3 59. Bd3 h5 60. gxh5 Nxh5 {Strongly threatening ...Nf4+.} 61. Kc6 Nf4 62. Bf5 Ng6 63. Kxb6 Nxe5 64. Kxa5 Kd6 65. Kb6 Nc4+ 66. Kb5 Ne3 67. Be4 Kc7 68. a5 Kb8 {[%mdl 32768] Blacks defense is rewarded with a draw.  Weighted Error Value: White=0.18/Black=0.21. Sensor Board Error (Ke4/e5)?} 0-1

[Event "African Online-ch Open 2021"]
[Site "Online"]
[Date "2021.02.01"]
[Round "4.4"]
[White "Beukes, Dante M"]
[Black "Kayonde, Andrew"]
[Result "1-0"]
[WhiteElo "2206"]
[BlackElo "2393"]
[Annotator "TA"]
[PlyCount "61"]
[EventDate "2021.02.01"]
[EventType "swiss"]
[EventCountry "NET"]
[SourceTitle "playchess.com"]
[Source "ChessBase"]
[SourceQuality "1"]

{[%evp 9,61,12,12,12,15,17,24,20,34,20,38,22,29,0,0,0,35,-111,-124,-81,0,0,0,-207,-187,-222,-209,-223,-218,-235,-150,-241,-179,-171,-110,-129,-118,-184,-137,-189,0,-22,395,0,0,0,0,-52,-27,-28,19,0,287,310]} 1. e4 c6 2. Nf3 d5 3. d3 Qc7 4. Nc3 Nf6 5. e5 Nfd7 $1 6. d4 {B10: Caro-Kann: 2 d3 and 2 c4.} e6 {[#]} 7. Be3 $146 ({Predecessor:} 7. Ne2 c5 8. c3 Nc6 9. g3 h6 10. h4 Be7 11. Bg2 b6 12. O-O Bb7 13. h5 {1-0 (40) Jacobson,B (2487)-Espinosa Veloz,E (2485) Chess.com INT 2020}) 7... a6 8. Ne2 {White has an edge.} c5 9. c3 Nc6 10. Nf4 Qb6 11. Bd3 Qxb2 12. O-O c4 {[#]} ({But not} 12... Qxc3 13. Rc1 $17) 13. Bxc4 dxc4 $17 14. d5 Ndxe5 (14... Nd8 $1 $17 15. Bd4 h5) 15. dxc6 $11 Nxc6 16. Nh5 $2 (16. Nd2 $11) 16... Qxc3 $19 17. Bb6 Bd7 18. Rc1 Qd3 19. Nf4 Qe4 20. Nh5 (20. g3 $17) 20... Qg4 21. Ng3 Be7 (21... e5 $19 22. Nd2 c3) 22. h3 $17 Qf4 23. Nh5 (23. Qe2 $17 {was worth a try.}) 23... Qh6 $19 24. Ng3 (24. Nd2 $17 {was called for.}) 24... Nb4 $2 (24... e5 $19 {White must now prevent ...Qe6.} 25. Rxc4 Qe6) 25. Be3 $1 $11 {[%cal Re3h6]} Qf6 {[%mdl 8192] [#]} (25... g5 $1 $11 {and Black has nothing to worry.} 26. Qd4 f6 27. Qxc4 Nd5) 26. Bg5 $2 (26. Nh5 $1 $18) 26... Qb2 27. Bxe7 Kxe7 28. Rxc4 ({White should play} 28. Rb1 $11 Qc3 29. Ne2) 28... Nd5 {And now ...Rhc8 would win.} 29. Re1 {Strongly threatening Qxd5.} Bc6 30. Nd4 Rhc8 $2 {[%mdl 8192] [#]} (30... Kf8 $11) 31. Qh5 $1 {White used his chance.  Weighted Error Value: White=0.50/Black=0.60} 1-0

[Event "African Online-ch Open 2021"]
[Site "Online"]
[Date "2021.02.01"]
[Round "4.5"]
[White "Zaibi, Amir"]
[Black "Silva, David"]
[Result "1/2-1/2"]
[WhiteElo "2381"]
[BlackElo "2258"]
[Annotator "TA"]
[PlyCount "61"]
[EventDate "2021.02.01"]
[EventType "swiss"]
[EventCountry "NET"]
[SourceTitle "playchess.com"]
[Source "ChessBase"]
[SourceQuality "1"]

{[%evp 19,61,64,55,52,70,58,81,88,87,84,100,88,96,83,118,12,8,8,14,15,13,-95,-95,-91,-102,-89,-63,-27,-38,-52,-53,-96,-97,-93,-96,-92,-63,-80,-77,-86,-78,-103,31,-95]} 1. d4 Nf6 2. c4 g6 3. Nc3 Bg7 4. g3 O-O 5. Bg2 d6 6. Nf3 c6 7. O-O Qa5 8. h3 e5 9. e4 Re8 10. Be3 Nbd7 11. Rc1 {E69: King's Indian: Fianchetto: 6...Nbd7 7 0-0 e5 8 e4 c6 9 h3.} exd4 12. Nxd4 Nc5 {[%cal Rf6e4]} 13. Qc2 {[#] White is better.} Ne6 $146 ({Predecessor:} 13... Be6 14. b3 Rad8 15. Rfe1 Bc8 16. Rcd1 h6 17. Bc1 d5 18. cxd5 Nxd5 19. exd5 Rxe1+ 20. Rxe1 Bxd4 {0-1 (35) Menghi,C (2235)-Sturua,Z (2600) Elista 1998}) 14. Nde2 h5 15. Rfd1 Qc7 16. Qd2 Rd8 17. Nd5 cxd5 $11 18. cxd5 Nc5 19. e5 Nfe4 20. Qb4 {[#]} (20. Bxe4 $11 {keeps the balance.} Nxe4 21. Rxc7 Nxd2 22. Rxd2 (22. Bxd2 dxe5 23. Bg5 f6 $11) 22... Bxe5 23. Bg5) 20... Qb6 $1 $17 21. Qa3 (21. Qxb6 axb6) 21... Bxe5 22. b4 Nxg3 23. Nxg3 {[#]} Qa6 $1 24. Qxa6 Nxa6 25. b5 Nc5 26. Bxc5 dxc5 27. Rxc5 {With the idea d6.} Bd6 28. Rc4 f5 29. Ne2 Bd7 30. a4 Rdc8 {[#]} (30... Rac8 $17 31. Rdc1 Rxc4 32. Rxc4 Kf7) 31. Rdc1 {Weighted Error Value: White=0.28/Black=0.21} (31. Rc6 $1 $14 {was forced to keep a grip.} Be5 {[#]} 32. f4 $1 (32. Rxg6+ Kh7 $11) 32... bxc6 33. dxc6 Bxc6 34. Bxc6) 1/2-1/2

[Event "African Online-ch Open 2021"]
[Site "Online"]
[Date "2021.02.01"]
[Round "4.6"]
[White "Abdelazeez, Mohamed Abdalla"]
[Black "Wanyama, Harold"]
[Result "0-1"]
[WhiteElo "2214"]
[BlackElo "2312"]
[Annotator "TA"]
[PlyCount "76"]
[EventDate "2021.02.01"]
[EventType "swiss"]
[EventCountry "NET"]
[SourceTitle "playchess.com"]
[Source "ChessBase"]
[SourceQuality "1"]

{[%evp 15,76,0,15,0,11,11,8,7,10,-7,8,-48,2,0,25,12,19,0,0,-10,17,0,47,42,74,65,52,62,79,-181,17,-294,-284,-342,-339,-638,-125,-520,-247,-441,-231,-246,-235,-490,-487,-1085,-1075,-1366,-1350,-1318,-1297,-29982,-29981,-2888,-1506,-1476,-1462,-29985,-29986,-3369,-733,-29993,-29992]} 1. Nf3 d5 2. c4 e6 3. e3 Nf6 4. Nc3 Be7 5. b3 O-O 6. Bb2 b6 7. Be2 Bb7 8. O-O Nbd7 9. Qc2 {A13: English Opening: 1...e6.} c5 10. Rac1 Rc8 11. Rfd1 {The position is equal.} Qc7 12. Qb1 Qb8 13. Qa1 {[#]} ({White should try} 13. cxd5 $11 Nxd5 14. Nxd5 Bxd5 15. Bd3) 13... Rfd8 $146 ({Predecessor:} 13... dxc4 14. bxc4 Rfd8 15. d3 Nf8 16. a4 Ng6 17. h3 Rd7 18. a5 Rcd8 19. axb6 axb6 {½-½ (63) Duong,T (2347)-Nguyen,D (2127) Ho Chi Minh City 2013}) 14. cxd5 exd5 15. d4 Bf8 16. dxc5 bxc5 17. h3 a6 18. Na4 Qd6 (18... Re8 $5 {[%cal Rd5d4]}) 19. Ne5 Qe6 20. Nxd7 Nxd7 21. Bf3 Bc6 22. Nc3 $2 {[%mdl 8192]} (22. Qb1 $16) 22... Ne5 $2 {[#] Black keeps a firm grip on the game.} (22... d4 $1 $19 {[%cal Rd4c3]} 23. Bg4 (23. Bxc6 $2 dxc3 24. Bd5 cxb2 $19) 23... f5) 23. Be2 $2 {[%mdl 8192]} (23. Bxd5 $1 $11 {and White has nothing to worry.} Bxd5 24. Nxd5 Rxd5 25. Rxd5 Nf3+ 26. gxf3 Qxd5 27. Kg2) 23... d4 $19 24. exd4 cxd4 25. Na4 $2 {[#]} (25. Qb1) 25... Qg6 $2 (25... Bxg2 $1 $19 {[%mdl 512] has better winning chances.} 26. Kxg2 Qg6+ 27. Kh2 Bd6 28. Bxd4 (28. Rxc8 $2 {gets mated.} Nd3+ {[%mdl 64] Discovered Attack} 29. f4 Bxf4+ 30. Kh1 Nf2#) 28... Nd3+ 29. Kh1 Qe4+ 30. Kg1 Nxc1 31. Rxc1 Bh2+ $1 {[%mdl 576] Decoy} 32. Kxh2 Qf4+ {[%mdl 64] Double Attack} 33. Kg2 Rxc1 34. Qxc1 Qxc1) 26. Bf1 $2 {[%mdl 8192]} (26. Rxc6 $17 {was the crucial defense.} Nxc6 27. Bxa6) 26... Nf3+ $40 {[%mdl 128] Black wants a kill.} 27. Kh1 {[#]} Nh4 (27... Qg5 $142 $1 {aiming for ...Be4.} 28. Rc4 (28. Rxc6 $2 Rxc6 29. Qb1 Qe5 $19) (28. Nb6 Qf4) 28... Be4 $1 29. Rxc8 Qf4) 28. Rxc6 Rxc6 ({Less strong is} 28... Qxc6 29. Bxd4 Rd6 30. Be5 $17) 29. Rd3 $2 (29. Rxd4 Rxd4 30. Bxd4) 29... Rc2 30. Rg3 (30. Bxd4 $142 Nf5 31. Bc5 Rxd3 32. Bxd3 Ng3+ {[%mdl 64] Discovered Attack} 33. fxg3 Qxd3 34. Bxf8 Qxg3 35. Qxg7+ Qxg7 36. Bxg7 Kxg7 37. h4) 30... Qf6 31. f3 Nf5 32. Rg4 h5 33. Bd3 hxg4 34. Bxc2 Ne3 {White must now prevent ...gxh3.} 35. Be4 gxh3 36. g4 Qh4 37. Qg1 {[#]} h2 (37... d3 $142 $1 38. Bxd3 (38. Nc3 d2) 38... Rxd3) 38. Qc1 Qf2 {[%csl Ge3][%cal Rf2g2] Weighted Error Value: White=1.59/Black=0.85} 0-1

[Event "African Online-ch Open 2021"]
[Site "Online"]
[Date "2021.02.01"]
[Round "4.7"]
[White "Bouzidi, Ahmed"]
[Black "Calicoca, Wilton Inacio"]
[Result "1-0"]
[WhiteElo "2163"]
[BlackElo "2122"]
[Annotator "TA"]
[PlyCount "49"]
[EventDate "2021.02.01"]
[EventType "swiss"]
[EventCountry "NET"]
[SourceTitle "playchess.com"]
[Source "ChessBase"]
[SourceQuality "1"]

{[%evp 14,49,24,23,24,0,32,28,48,23,37,31,27,-53,-42,-64,-49,-63,-36,-50,-35,-41,0,-4,0,0,0,0,0,0,0,0,0,-8,7,0,1141,1135]} 1. e4 e5 2. Nf3 Nc6 3. Bb5 a6 4. Bxc6 dxc6 5. O-O f6 6. d4 Bg4 7. c3 Bd6 8. h3 {8.Nbd2 is setting a new trend.} Bh5 {C69: Ruy Lopez: Exchange Variation with 5 0-0 f6.} 9. Be3 Qe7 10. Nbd2 O-O-O {White has an edge.} 11. Re1 g5 12. dxe5 Bxe5 {[#]} 13. g4 $146 ({White should try} 13. Qe2 $11) ({Predecessor:} 13. Qa4 Bxf3 14. Nxf3 h5 15. h4 g4 16. Nd4 Nh6 17. Rad1 Nf7 18. Nf5 Qe6 19. Bc5 {½-½ (36) Rogos,J (2354)-Miciak,E (2389) ICCF email 2011}) 13... Bg6 $15 14. Nxe5 fxe5 15. Qf3 h6 16. Nf1 Rf8 17. Qg2 Nf6 18. Ng3 h5 19. Bxg5 hxg4 20. hxg4 Qg7 21. Bxf6 Rxf6 22. Re3 Rf4 23. f3 Qh6 {next ...Rxg4! is good for Black.} 24. Rae1 Rf5 $2 {[%mdl 8192] [#]} (24... Rf7 $11) 25. exf5 {Accuracy: White = 84%, Black = 77%.} 1-0

[Event "African Online-ch Open 2021"]
[Site "Online"]
[Date "2021.02.01"]
[Round "4.8"]
[White "Oatlhotse, Providence"]
[Black "Gohil, Mehul"]
[Result "1-0"]
[WhiteElo "2190"]
[BlackElo "1991"]
[Annotator "TA"]
[PlyCount "121"]
[EventDate "2021.02.01"]
[EventType "swiss"]
[EventCountry "NET"]
[SourceTitle "playchess.com"]
[Source "ChessBase"]
[SourceQuality "1"]

{[%evp 16,121,37,41,29,23,36,5,37,9,31,22,27,17,16,20,12,18,32,10,0,12,19,1,2,2,23,0,162,102,155,177,162,158,149,147,283,270,291,297,340,333,308,0,248,245,238,222,232,220,295,294,318,272,320,306,307,309,394,248,695,610,804,701,795,664,968,917,1008,863,832,566,754,733,861,864,1022,1170,1158,1162,1157,1105,981,964,12833,12833,12833,12834,3310,1570,5932,2819,7776,1339,988,0,29988,1482,29990,29991,29991,29984,12844,12844,29990,29991,29991,29992]} 1. g3 d5 2. Nf3 Nf6 3. Bg2 e6 4. O-O c5 5. c4 dxc4 6. Na3 Be7 7. Nxc4 Nc6 8. b3 O-O 9. Bb2 Qc7 {A13: English Opening: 1...e6.} 10. Nfe5 Bd7 11. e3 {[#]} Rad8 $146 {The position is equal.} ({Predecessor:} 11... b5 12. Nxd7 Nxd7 13. Na3 Qb6 14. d4 cxd4 15. Nc2 Rad8 16. Nxd4 Nxd4 17. Qxd4 Bf6 18. Qxb6 Nxb6 19. Bxf6 gxf6 {½-½ (92) Adhiban,B (2677)-Swapnil,S (2504) Pune 2016}) 12. Qe2 Be8 (12... b5 $5 {[%cal Rb5c4]} 13. Nxc6 (13. Nxd7 Qxd7 14. Na3 a6 $14) 13... Bxc6 14. Bxc6 Qxc6 $11) 13. Rac1 b5 14. Nxc6 Bxc6 15. Bxc6 Qxc6 16. Ne5 Qb7 17. d4 $36 {[%mdl 2048] White is pushing.} cxd4 18. Nc6 d3 19. Nxd8 Rxd8 20. Qd1 Qe4 21. Bd4 a6 $2 (21... e5 $11 {and Black has nothing to worry.} 22. Bxa7 d2) 22. f3 (22. Bb6 $1 $18 {[%cal Rb6d8]} Rb8 23. f3 $1) 22... Qd5 ({Black should try} 22... Qb7) 23. Bb6 $1 $16 {aiming for e4.} (23. Qxd3 e5 $17) 23... Rb8 {[#]} 24. e4 $1 {[%cal Re4d5]} Qd7 25. Be3 e5 (25... Bb4 $16) 26. Qd2 $18 h5 27. Rfd1 Rd8 28. Bb6 Rb8 29. Be3 Rd8 $1 30. b4 Qe6 31. a3 h4 32. Rc3 (32. gxh4 g6) 32... hxg3 33. hxg3 (33. Rxd3 Rxd3 34. Qxd3 Qh3 $17) 33... Nh5 34. Qh2 ({Not} 34. Rxd3 Rxd3 35. Qxd3 Nxg3 $16) 34... Qg6 35. Kf2 ({Much less strong is} 35. Rdxd3 Rxd3 36. Rxd3 f5 $18) 35... f5 {[#]} 36. exf5 ({Inferior is} 36. Rcxd3 Rxd3 37. Rxd3 fxe4 $11) 36... Qf7 37. Rcxd3 Rc8 (37... Rxd3 38. Rxd3 Qxf5) 38. g4 Nf6 39. Qxe5 Re8 40. Qg3 Qa2+ 41. R1d2 Qc4 42. Kg2 Nh7 43. Qf4 Qf7 44. Qd4 Kh8 45. Qd5 Qf8 46. Bc5 Nf6 47. Bxe7 Qxe7 48. Qd6 Qe1 49. Qh2+ Nh7 50. Rd8 Kg8 51. Rxe8+ Qxe8 {[%mdl 4096] Endgame KQR-KQN} 52. Qd6 Nf8 53. Qd5+ Kh8 54. Kg3 Qe1+ 55. Kg2 $2 ({Better is} 55. Kh3 $18 Qf1+ 56. Kh2) 55... Kh7 $2 {[%mdl 8192]} (55... Qe8 $11 56. Rd1 Qe2+ 57. Kg3 g6) 56. Qd3 (56. Rd1 $142 Qe2+ 57. Kg3 Qxd1 58. Qxd1 Kg8 59. Qd5+ Kh8 60. g5 g6 61. Qf7) 56... Kh6 57. Re2 Qh4 58. Qd2+ Kh7 59. Re1 {White wants to mate with Rh1.} Qf6 60. Rh1+ Kg8 61. Qd5+ {Weighted Error Value: White=0.36/Black=0.51} 1-0